| 000 | 00996cam a22003135a 4500 | ||
|---|---|---|---|
| 001 | 18748488 | ||
| 005 | 20161128153207.0 | ||
| 008 | 150818t20162016inua fr 001 0 eng d | ||
| 010 | _a 2015913414 | ||
| 020 | _a9780672337659 | ||
| 020 | _a0672337657 | ||
| 035 | _a(OCoLC)ocn933507053 | ||
| 040 |
_aBKL _beng _cBKL _dYDXCP _dOLX _dOCLCF _dCDX _dDLC _dEG-ScBUE |
||
| 042 | _alccopycat | ||
| 082 | 0 | 4 |
_222 _a005.133 _bMIL |
| 100 | 1 |
_aMiller, BJ _c(Computer software developer), |
|
| 245 | 1 | 0 |
_aSams Teach yourself Swift in 24 hours / _cBJ Miller. |
| 246 | 3 | 0 | _aTeach yourself Swift in 24 hours |
| 250 | _a2nd ed. | ||
| 260 |
_aIndianapolis, Indiana : _bSams, _cc. 2016. |
||
| 300 |
_axvi, 442 p. : _bill. ; _c24 cm. |
||
| 500 | _aIndex : p. 421-442. | ||
| 590 | _aWessam | ||
| 650 | 7 |
_aSwift (Computer program language). _2BUEsh _941707 |
|
| 650 | 7 |
_aApplication software _xDevelopment. _2BUEsh _94599 |
|
| 651 | _2BUEsh | ||
| 653 |
_bCOMSCI _cNovember2016 |
||
| 942 |
_2ddc _e22 _k005.133 MIL |
||
| 999 |
_c23380 _d23352 |
||